000 00558nam a2200181Ia 4500
003 OSt
005 20240405112124.0
008 210210b1960 xxu||||| |||| 00| 0 eng d
040 _cAL
041 _aKannada
082 _a856/131
100 _aSHRIKANTASHASTRI (S) ಶ್ರೀ ಕಂಠಶಾಸ್ತ್ರಿ ಎಸ್
_9138969
245 _aPuratatva shodhane ಪುರಾತತ್ವ ಸಂಶೋಧನೆ
260 _aMaisuru
_bMaisuru Vishvavidyanilaya
_c1960
690 _aKannada Miscellaneous
_9138974
906 _a020379
942 _2ddc
_cBK
999 _c144528
_d144528